Statistiques concernant Culture Générale - Série 908

Cliquez ici pour prendre le quiz!

Statistiques générales

  • Ce quiz a été pris 114 fois
  • Le résultat moyen est 4 sur 10

Statistiques - réponses

QuestionRéponse% Correct
Avec quoi Jacques Villeret a-t-il fabriqué une maquette de la tour Eiffel dans le film "Le Dîner de cons" ?allumettes
91%
Dans quel pays coule le fleuve Léna ou Lena ?Russie
73%
Au ski, que signifie le “G” de Super-G ?Géant
60%
Quel est le symbole chimique du potassium ?K
54%
Quel est le titre du troisième volet de la trilogie “Le Seigneur des anneaux” de Peter Jackson ?Le Retour du roi
48%
Au XIIe siècle, à quelle femme, épousée en secret, associe-ton Abélard ?Héloïse
34%
C'est un lac près de Luchon en 2 lettres ?oo
30%
Selon les Évangiles, quel agitateur fut gracié à la place de Jésus ?Barabbas
16%
Quel mot désigne un collectionneur de porte-clés ?copocléphile
5%
Ce mot désigne une chose mystérieuse, secrète, difficilement explicable et compréhensible pour le sens commun.arcane
3%

Distribution des résultats

Percentile par nombre de réponses

% des personnes avec chaque résultat

Votre développement - résultats

Vous n’avez pas pris ce quiz